000 00405 a2200169 4500
001 183555
020 _a978-85-250-4599-7
040 _cMagnum
100 _aSousa, Maurício de
240 1 0 _aManual da pré-história do horácio
_lpor
245 1 0 _aManual da pré-história do horácio
300 _a223
362 0 _a2009
440 1 _aGlobo
697 _aLITERATURA INFANTO-JUVENIL
942 _cBK
999 _c183555
_d183555